01010 2200205 4500001002100000005001500021035002000036245018900056100001600245250001700261300003200278700002000310700001800330260003100348082000800379084001400387020002200401650001400423520036700437INLIS00000000000013920240508085426 a0010-05240000611 aBupena Buku Penilaian Tema Organ Gerak Hewan dan Manusia, Udara Bersih Bagi Kesehatan, Serta Makanan Sehat Jiid 5A :buntuk SD/MI Kelas V /cIrine M.J.A; Wini Kristianti; Dhesy Adhalia0 aIrine M.J.A acetakan ke-1 ax, 245 hlm :bilus ;c26 cm0 aWini Kristianti0 aDhesy Adhalia aJakarta :bErlangga,c2016 a500 a500 IRI b a978-602-298-864-9 4aPengayaan aBupena disajikan untuk membantu siswa menerapkan proses pembelajaran secara tuntas berdasarkan Kurikulum 2013 (Revisi 2016). Pendalaman materi untuk mempertajam pemahaman siswa terhadap materi yang sedang dipelajari. Penilaian pengetahuan disajikan dalam tes tertulis, tes lisan, dan penugasan. Penilaian keterampilan dan sikap disajikan dalam kegiatan.